[Event "SVK-ch rapid"]
[Site "Topolcany"]
[Date "2020.07.11"]
[Round "8"]
[White "Jablonicky, Martin"]
[Black "Strachan, Jan"]
[Result "1-0"]
[WhiteElo "2253"]
[BlackElo "2137"]
[PlyCount "61"]
[EventDate "2020.07.11"]
[EventType "swiss (rapid)"]
[EventRounds "9"]
[EventCountry "SVK"]
[SourceTitle "CBM 197 Extra"]
[Source "ChessBase"]
[SourceDate "2020.09.30"]
[SourceVersion "1"]
[SourceVersionDate "2020.09.30"]
[SourceQuality "1"]

1. e4 g6 2. d4 c6 3. c4 Bg7 4. Nc3 d6 5. Be3 Nf6 6. Be2 Qa5 7. Qd2 e5 8. d5 cxd5 9. cxd5 a6 10. h4 h5 11. Nh3 Nbd7 12. a3 b5 13. Ng5 b4 14. Na2 Bb7 15. Qxb4 Qc7 16. Rc1 Qb8 17. f3 0-0 18. Kf2 a5 19. Qd2 Nc5 20. Bxc5 dxc5 21. Rxc5 Rd8 22. Rhc1 Bf8 23. Rxa5 Rxa5 24. Qxa5 Bxd5 25. exd5 Rxd5 26. Qc7 Qe8 27. Bc4 Rd7 28. Bxf7+ Rxf7 29. Qxf7+ Qxf7 30. Nxf7 Kxf7 31. Nc3 1-0

[Event "SVK-ch rapid"]
[Site "Topolcany"]
[Date "2020.07.11"]
[Round "4"]
[White "Turcan, Richard"]
[Black "Strachan, Jan"]
[Result "1-0"]
[WhiteElo "2045"]
[BlackElo "2137"]
[PlyCount "97"]
[EventDate "2020.07.11"]
[EventType "swiss (rapid)"]
[EventRounds "9"]
[EventCountry "SVK"]
[SourceTitle "CBM 197 Extra"]
[Source "ChessBase"]
[SourceDate "2020.09.30"]
[SourceVersion "1"]
[SourceVersionDate "2020.09.30"]
[SourceQuality "1"]

1. e4 d6 2. d4 Nf6 3. Nc3 g6 4. Be3 c6 5. h3 Bg7 6. f4 Qa5 7. Qd2 e5 8. Nf3 Nbd7 9. 0-0-0 0-0 10. g4 b5 11. dxe5 dxe5 12. fxe5 b4 13. exf6 bxc3 14. Qxc3 Qxc3 15. bxc3 Nxf6 16. e5 Nd5 17. Bc5 Re8 18. Bc4 h6 19. Rhe1 a6 20. Rd3 Rb8 21. Bb3 Nf4 22. Rd6 Nxh3 23. Rxc6 Bb7 24. Rc7 Bxf3 25. Bxf7+ Kh7 26. Bxe8 Rxe8 27. e6 Nf4 28. Bd4 Rg8 29. Bxg7 Rxg7 30. Rxg7+ Kxg7 31. e7 Bc6 32. e8Q Bxe8 33. Rxe8 Kf6 34. Kd2 Kg5 35. Ke3 Nd5+ 36. Kf3 Nxc3 37. Re5+ Kh4 38. Ra5 Nb5 39. Rxa6 Nd4+ 40. Kg2 Kg5 41. Ra5+ Kh4 42. c3 Ne2 43. c4 Kxg4 44. c5 Nf4+ 45. Kh2 Kf3 46. c6 g5 47. c7 g4 48. Ra3+ Kf2 49. c8Q 1-0

[Event "SVK-chT1W 1617"]
[Site "Slovakia"]
[Date "2017.03.19"]
[Round "11.8"]
[White "Strachan, Jan"]
[Black "Briestenska, Andrea"]
[Result "1/2-1/2"]
[WhiteElo "2168"]
[BlackElo "1995"]
[PlyCount "44"]
[EventDate "2016.10.15"]
[EventType "team-tourn"]
[EventRounds "11"]
[EventCountry "SVK"]
[SourceTitle "EXT 2019"]
[Source "ChessBase"]
[SourceDate "2018.10.10"]
[SourceVersion "1"]
[SourceVersionDate "2018.10.10"]
[SourceQuality "1"]
[WhiteTeam "Podhajska Termal"]
[BlackTeam "Bratislava Slovan II"]
[WhiteTeamCountry "SVK"]
[BlackTeamCountry "SVK"]

1. e4 d6 2. Nf3 Nf6 3. Nc3 c6 4. d4 Qc7 5. Bf4 Bg4 6. h3 Bxf3 7. Qxf3 e5 8. Be3 Nbd7 9. g4 h6 10. h4 exd4 11. Bxd4 Ne5 12. Bxe5 dxe5 13. g5 hxg5 14. hxg5 Rxh1 15. Qxh1 Ng8 16. 0-0-0 Rd8 17. Bc4 Rxd1+ 18. Nxd1 b5 19. Bb3 Ne7 20. Ne3 Ng6 21. Nf5 Qd8 22. Qh5 Qd7 1/2-1/2

[Event "SVK-chT1W 1617"]
[Site "Slovakia"]
[Date "2017.03.18"]
[Round "10.7"]
[White "Strachan, Jan"]
[Black "Cambel, Vladimir"]
[Result "1-0"]
[WhiteElo "2168"]
[BlackElo "2027"]
[PlyCount "45"]
[EventDate "2016.10.15"]
[EventType "team-tourn"]
[EventRounds "11"]
[EventCountry "SVK"]
[SourceTitle "EXT 2019"]
[Source "ChessBase"]
[SourceDate "2018.10.10"]
[SourceVersion "1"]
[SourceVersionDate "2018.10.10"]
[SourceQuality "1"]
[WhiteTeam "Podhajska Termal"]
[BlackTeam "Bratislava Slovan III"]
[WhiteTeamCountry "SVK"]
[BlackTeamCountry "SVK"]

1. e4 Nf6 2. Nc3 d5 3. exd5 Nxd5 4. d4 g6 5. Bc4 c6 6. Nf3 Bg7 7. h3 0-0 8. 0-0 Nxc3 9. bxc3 Qa5 10. Bb3 c5 11. Bd2 Nc6 12. Re1 Qc7 13. Bg5 b6 14. Qd2 e5 15. dxe5 Nxe5 16. Nxe5 Bxe5 17. Bd5 Bh2+ 18. Kh1 Rb8 19. Bh6 Rd8 20. Qg5 Bd6 21. Qf6 Bf8 22. Bxf7+ Qxf7 23. Qxd8 1-0

[Event "SVK-chT1W 0809"]
[Site "Slovakia"]
[Date "2009.03.07"]
[Round "10.2"]
[White "Bezo, Stefan"]
[Black "Strachan, Jan"]
[Result "1/2-1/2"]
[WhiteElo "2124"]
[BlackElo "2223"]
[PlyCount "32"]
[EventDate "2008.10.18"]
[EventType "team-tourn"]
[EventRounds "11"]
[EventCountry "SVK"]
[SourceTitle "EXT 2010"]
[Source "ChessBase"]
[SourceDate "2010.11.25"]
[SourceVersion "1"]
[SourceVersionDate "2010.11.25"]
[SourceQuality "1"]
[WhiteTeam "Dubnica nad Vahom II"]
[BlackTeam "Nove Zamky Basta"]
[WhiteTeamCountry "SVK"]
[BlackTeamCountry "SVK"]

1. e4 g6 2. d4 c6 3. Nf3 d5 4. Nc3 Bg4 5. Be2 Nf6 6. exd5 cxd5 7. 0-0 Bg7 8. Re1 0-0 9. Ne5 Be6 10. a4 Nc6 11. Nxc6 bxc6 12. Bf4 Qa5 13. Be5 Nd7 14. Bxg7 Kxg7 15. Bg4 Bxg4 16. Qxg4 Nf6 1/2-1/2

[Event "SVK-chT1W 0809"]
[Site "Slovakia"]
[Date "2009.01.11"]
[Round "7.3"]
[White "Nagy, Tomas"]
[Black "Strachan, Jan"]
[Result "0-1"]
[WhiteElo "2211"]
[BlackElo "2223"]
[PlyCount "76"]
[EventDate "2008.10.18"]
[EventType "team-tourn"]
[EventRounds "11"]
[EventCountry "SVK"]
[SourceTitle "EXT 2010"]
[Source "ChessBase"]
[SourceDate "2010.11.25"]
[SourceVersion "1"]
[SourceVersionDate "2010.11.25"]
[SourceQuality "1"]
[WhiteTeam "Galanta"]
[BlackTeam "Nove Zamky Basta"]
[WhiteTeamCountry "SVK"]
[BlackTeamCountry "SVK"]

1. Nf3 Nf6 2. d4 g6 3. Bg5 Bg7 4. Nbd2 d5 5. e3 c5 6. c3 Nbd7 7. Bd3 b6 8. 0-0 0-0 9. b4 c4 10. Bb1 Bb7 11. a4 a6 12. h3 b5 13. a5 Ne4 14. Nxe4 dxe4 15. Nd2 f5 16. f3 h6 17. Bh4 g5 18. fxe4 gxh4 19. exf5 e6 20. fxe6 Qg5 21. Qe2 Rxf1+ 22. Nxf1 Nf8 23. Ra2 Re8 24. Qd1 Rxe6 25. Rf2 Rf6 26. Qc2 Bc8 27. Rxf6 Bxf6 28. Kh1 Bb7 29. Qf2 Kg7 30. Bf5 Ng6 31. e4 Qf4 32. Qf3 Bg5 33. d5 Ne5 34. Qe2 Bxd5 35. exd5 Qxf5 36. Nd2 Bxd2 37. Qxd2 Qf1+ 38. Kh2 Nd3 0-1

[Event "SVK-chT1W 0809"]
[Site "Slovakia"]
[Date "2008.12.13"]
[Round "5.3"]
[White "Gorusa, Miroslav"]
[Black "Strachan, Jan"]
[Result "1-0"]
[WhiteElo "2178"]
[BlackElo "2223"]
[PlyCount "83"]
[EventDate "2008.10.18"]
[EventType "team-tourn"]
[EventRounds "11"]
[EventCountry "SVK"]
[SourceTitle "EXT 2010"]
[Source "ChessBase"]
[SourceDate "2010.11.25"]
[SourceVersion "1"]
[SourceVersionDate "2010.11.25"]
[SourceQuality "1"]
[WhiteTeam "Nitra NSK II"]
[BlackTeam "Nove Zamky Basta"]
[WhiteTeamCountry "SVK"]
[BlackTeamCountry "SVK"]

1. e4 g6 2. d4 c6 3. Nc3 Bg7 4. Nf3 d6 5. Be2 Nf6 6. h3 0-0 7. 0-0 Qa5 8. Be3 Nbd7 9. Nd2 b5 10. a3 a6 11. f4 e5 12. dxe5 dxe5 13. f5 h6 14. fxg6 fxg6 15. Qe1 Qd8 16. Qg3 Kh7 17. Rad1 Qe7 18. Qh4 Nc5 19. Nf3 a5 20. Nxe5 Qxe5 21. Bd4 Qe7 22. e5 Ncd7 23. exf6 Nxf6 24. Bf3 Nd5 25. Qxe7 Nxe7 26. Bc5 Rf7 27. Nxb5 Rb8 28. Nd6 Rf6 29. Ne8 Re6 30. Nxg7 Kxg7 31. Rd8 Nf5 32. g4 Re5 33. b4 Rxc5 34. bxc5 Ne7 35. Re1 Kf7 36. Be2 Rb2 37. Bc4+ Kf6 38. Rd6+ Kg5 39. Rxe7 Rxc2 40. Rxg6+ Kh4 41. Rxh6+ Kg3 42. Bf1 1-0

[Event "SVK-chT1W 0809"]
[Site "Slovakia"]
[Date "2008.10.19"]
[Round "2.2"]
[White "Castiglione, Mario"]
[Black "Strachan, Jan"]
[Result "1-0"]
[WhiteElo "2223"]
[BlackElo "2306"]
[PlyCount "47"]
[EventDate "2008.10.18"]
[EventType "team-tourn"]
[EventRounds "11"]
[EventCountry "SVK"]
[SourceTitle "EXT 2010"]
[Source "ChessBase"]
[SourceDate "2010.11.25"]
[SourceVersion "1"]
[SourceVersionDate "2010.11.25"]
[SourceQuality "1"]
[WhiteTeam "Bratislava Slovan III"]
[BlackTeam "Nove Zamky Basta"]
[WhiteTeamCountry "SVK"]
[BlackTeamCountry "SVK"]

1. e4 g6 2. d4 c6 3. Nc3 d6 4. Bc4 Nf6 5. Qe2 Bg7 6. Nf3 0-0 7. h3 b5 8. Bb3 b4 9. Na4 Ba6 10. Qe3 Nbd7 11. a3 Rb8 12. axb4 Rxb4 13. Bd2 Rb8 14. Nc3 Bb7 15. 0-0 c5 16. d5 a6 17. Nb1 Ne8 18. Bc3 Bxc3 19. Nxc3 Qc7 20. Qh6 Nef6 21. Ng5 c4 22. Ba4 Nc5 23. f4 Bc8 24. e5 1-0

[Event "Nove Zamky op"]
[Site "Nove Zamky"]
[Date "2008.08.07"]
[Round "2"]
[White "Bodor, Tamas"]
[Black "Strachan, Jan"]
[Result "0-1"]
[WhiteElo "1944"]
[BlackElo "2217"]
[PlyCount "104"]
[EventDate "2008.08.06"]
[EventType "swiss"]
[EventRounds "7"]
[EventCountry "SVK"]
[SourceTitle "EXT 2010"]
[Source "ChessBase"]
[SourceDate "2010.11.25"]
[SourceVersion "1"]
[SourceVersionDate "2010.11.25"]
[SourceQuality "1"]

1. e4 c5 2. c3 e6 3. d4 d5 4. e5 Nc6 5. Nf3 Nge7 6. Bd3 Bd7 7. 0-0 Ng6 8. Bc2 Be7 9. Be3 cxd4 10. cxd4 Nb4 11. Ba4 Bxa4 12. Qxa4+ Qd7 13. Qb3 Nc6 14. Nc3 0-0 15. Rfc1 f5 16. Nb5 h6 17. Bd2 Rf7 18. a3 a6 19. Nc3 b5 20. Ne2 Rc8 21. Bb4 Bxb4 22. axb4 Qb7 23. Rc5 Nf8 24. Qa3 Nd7 25. Rc3 a5 26. bxa5 b4 27. Qb3 Ra8 28. Rcc1 Nxa5 29. Qd3 Nc4 30. Rxa8+ Qxa8 31. b3 Na3 32. Nf4 Nf8 33. Qd2 Rb7 34. Nd3 Qb8 35. Nfe1 Nd7 36. Rc6 Kf7 37. Nf4 Nf8 38. Qe2 Rb6 39. Rc1 Nb5 40. Qh5+ Kg8 41. Nf3 Nc3 42. Kf1 Qb7 43. Nd3 Qa6 44. Nfe1 Rb8 45. g4 fxg4 46. Qxg4 Qa3 47. Qf4 Qxb3 48. Nc2 Qc4 49. Qe3 Na2 50. Na3 Qa6 51. Ra1 bxa3 52. Rxa2 Rb3 0-1

[Event "Nove Zamky op"]
[Site "Nove Zamky"]
[Date "2008.08.06"]
[Round "1"]
[White "Strachan, Jan"]
[Black "Pasztor, Ladislav"]
[Result "1-0"]
[WhiteElo "2217"]
[BlackElo "1896"]
[PlyCount "84"]
[EventDate "2008.08.06"]
[EventType "swiss"]
[EventRounds "7"]
[EventCountry "SVK"]
[SourceTitle "EXT 2010"]
[Source "ChessBase"]
[SourceDate "2010.11.25"]
[SourceVersion "1"]
[SourceVersionDate "2010.11.25"]
[SourceQuality "1"]

1. c4 Nf6 2. Nf3 c5 3. b3 Nc6 4. Bb2 d6 5. d3 e5 6. e3 Bg4 7. Be2 Be7 8. Nbd2 h6 9. a3 0-0 10. Qc2 Qc7 11. Rc1 Bh5 12. Nb1 d5 13. cxd5 Nxd5 14. Nxe5 Bxe2 15. Nxc6 bxc6 16. Qxe2 Rab8 17. Nd2 Qd6 18. 0-0 Qg6 19. f4 f5 20. Rf3 Qh5 21. Bxg7 Rfe8 22. Be5 Kf7 23. Bxb8 Rxb8 24. e4 Nf6 25. Nf1 Rxb3 26. Qa2 c4 27. Rxc4 Rxa3 28. Qe2 fxe4 29. dxe4 Bc5+ 30. Kh1 Ra1 31. h3 Bb6 32. Rxc6 Qh4 33. Qc4+ Kg7 34. Rxf6 Rxf1+ 35. Qxf1 Qxf6 36. Rg3+ Kf8 37. Qb1 Qd4 38. Rd3 Qc5 39. Rd5 Qc4 40. Qa1 Qxe4 41. Qh8+ Kf7 42. Rd7+ Kg6 1-0

[Event "SVK-chT 0708"]
[Site "Slovakia"]
[Date "2007.10.21"]
[Round "2"]
[White "Tropp, Frantisek"]
[Black "Strachan, Jan"]
[Result "1-0"]
[WhiteElo "2131"]
[BlackElo "2237"]
[PlyCount "131"]
[EventDate "2007.10.20"]
[EventType "team-tourn"]
[EventRounds "11"]
[EventCountry "SVK"]
[SourceTitle "EXT 2019"]
[Source "ChessBase"]
[SourceDate "2018.10.10"]
[SourceVersion "1"]
[SourceVersionDate "2018.10.10"]
[SourceQuality "1"]
[WhiteTeam "Kezmarok"]
[BlackTeam "Komarno"]
[WhiteTeamCountry "SVK"]
[BlackTeamCountry "SVK"]

1. e4 c5 2. c3 Nf6 3. e5 Nd5 4. d4 cxd4 5. Nf3 Nc6 6. Bc4 Nb6 7. Bb3 d5 8. exd6 e6 9. Nxd4 Bxd6 10. Nb5 Bb8 11. Qxd8+ Kxd8 12. Be3 Nd7 13. N1a3 a6 14. Nd4 Nce5 15. 0-0-0 Ke7 16. h3 Bd6 17. Nc4 Nxc4 18. Bxc4 Ne5 19. Bb3 Ng6 20. Rhe1 Bf4 21. g3 Bxe3+ 22. Rxe3 Kf6 23. f4 Rd8 24. Rf1 Ne7 25. f5 exf5 26. g4 Nd5 27. Ref3 g6 28. gxf5 g5 29. h4 g4 30. Rd3 Ne7 31. Re3 Bd7 32. Ne6 Rdc8 33. Ng5 Nxf5 34. Nxf7 Kg7 35. Re5 Nxh4 36. Nd6 Be8 37. Nxc8 Rxc8 38. Rg5+ Ng6 39. Rxg4 Rc7 40. Bc2 Bf7 41. a3 Rc5 42. Rg3 Re5 43. Rfg1 Re2 44. R1g2 Re7 45. b4 Re1+ 46. Kb2 Bd5 47. Bxg6 hxg6 48. Rxg6+ Kh7 49. Rg7+ Kh8 50. R2g3 Re2+ 51. Kc1 Rh2 52. R7g5 Be4 53. Re5 Bc6 54. c4 Ba4 55. b5 axb5 56. cxb5 Rc2+ 57. Kb1 Rh2 58. Re8+ Kh7 59. Re7+ Kh6 60. Rxb7 Bc2+ 61. Kc1 Be4 62. Rc7 Rh1+ 63. Kd2 Rb1 64. Rc4 Rb2+ 65. Ke3 Rb3+ 66. Kf4 1-0

[Event "SVK-chT 0607"]
[Site "Slovakia"]
[Date "2007.04.01"]
[Round "11"]
[White "Strachan, Jan"]
[Black "Jurcisin, Imrich"]
[Result "1-0"]
[WhiteElo "2235"]
[BlackElo "2139"]
[PlyCount "64"]
[EventDate "2006.10.21"]
[EventType "team-tourn"]
[EventRounds "11"]
[EventCountry "SVK"]
[SourceTitle "EXT 2019"]
[Source "ChessBase"]
[SourceDate "2018.10.10"]
[SourceVersion "1"]
[SourceVersionDate "2018.10.10"]
[SourceQuality "1"]
[WhiteTeam "Komarno"]
[BlackTeam "Kosice sachy.sk"]
[WhiteTeamCountry "SVK"]
[BlackTeamCountry "SVK"]

1. e4 d5 2. e5 Bf5 3. Nf3 e6 4. c3 h6 5. Na3 Ne7 6. d3 c5 7. Be3 Nec6 8. Be2 Be7 9. 0-0 Nd7 10. d4 0-0 11. Nc2 Qb6 12. Bd3 Bxd3 13. Qxd3 Rfe8 14. Rab1 Qa5 15. a3 Qc7 16. Rfc1 c4 17. Qe2 b5 18. Nd2 a5 19. Qg4 Kh7 20. f4 g6 21. Qh3 Qd8 22. f5 exf5 23. Bxh6 Kg8 24. Ne3 Nf8 25. Qf3 Bg5 26. Bxg5 Qxg5 27. Ndf1 Ne6 28. Nxd5 Ncxd4 29. cxd4 Nxd4 30. Qf2 Nb3 31. Rc3 Rad8 32. Rg3 Qh5 1-0

[Event "SVK-chT 0607"]
[Site "Slovakia"]
[Date "2007.03.31"]
[Round "10"]
[White "Macko, Michal"]
[Black "Strachan, Jan"]
[Result "1/2-1/2"]
[WhiteElo "2139"]
[BlackElo "2235"]
[PlyCount "45"]
[EventDate "2006.10.21"]
[EventType "team-tourn"]
[EventRounds "11"]
[EventCountry "SVK"]
[SourceTitle "EXT 2019"]
[Source "ChessBase"]
[SourceDate "2018.10.10"]
[SourceVersion "1"]
[SourceVersionDate "2018.10.10"]
[SourceQuality "1"]
[WhiteTeam "Liptov"]
[BlackTeam "Komarno"]
[WhiteTeamCountry "SVK"]
[BlackTeamCountry "SVK"]

1. c4 Nf6 2. Nc3 g6 3. g3 Bg7 4. Bg2 0-0 5. e4 c5 6. Nge2 Nc6 7. 0-0 Nd4 8. d3 d6 9. Nxd4 cxd4 10. Ne2 Qb6 11. h3 Bd7 12. Rb1 a5 13. f4 Bc6 14. g4 Nxe4 15. dxe4 d3+ 16. Kh1 dxe2 17. Qxe2 Qc7 18. Be3 b5 19. c5 Qb7 20. Bg1 f5 21. exf5 gxf5 22. g5 b4 23. cxd6 1/2-1/2

[Event "SVK-chT1W 0607"]
[Site "Slovakia"]
[Date "2006.11.05"]
[Round "4.1"]
[White "Hebelka, Milos"]
[Black "Strachan, Jan"]
[Result "0-1"]
[WhiteElo "2100"]
[BlackElo "2246"]
[PlyCount "78"]
[EventDate "2006.10.07"]
[EventType "team-tourn"]
[EventRounds "11"]
[EventCountry "SVK"]
[SourceTitle "EXT 2008"]
[Source "ChessBase"]
[SourceDate "2007.11.25"]
[SourceVersion "1"]
[SourceVersionDate "2007.11.25"]
[SourceQuality "1"]
[WhiteTeam "Bratislava Slovan II"]
[BlackTeam "Komarno Hoffer II"]
[WhiteTeamCountry "SVK"]
[BlackTeamCountry "SVK"]

1. e4 c5 2. Nf3 d6 3. c4 e5 4. d3 Be7 5. Nc3 Nf6 6. Be2 a6 7. h3 Nc6 8. Bd2 Rb8 9. a4 b6 10. Nd5 Nxd5 11. cxd5 Na5 12. g4 Nb7 13. Nh2 b5 14. Nf1 Bd7 15. axb5 axb5 16. Ng3 g6 17. 0-0 Bg5 18. Kg2 Bf4 19. Rh1 Qh4 20. Bf3 0-0 21. Ne2 Bxd2 22. Qxd2 Ra8 23. Ng3 h6 24. b4 Rfb8 25. Be2 cxb4 26. Qxb4 Nc5 27. d4 exd4 28. Rxa8 Rxa8 29. Qxd4 Ra4 30. Qe3 Qe7 31. Rb1 b4 32. Bf3 Kh7 33. h4 Ra3 34. Qf4 Nd3 35. Qd2 Qe5 36. Ne2 Qf6 37. g5 Ne1+ 38. Qxe1 Qxf3+ 39. Kh2 Ra2 0-1

[Event "SVK-chT1W 0607"]
[Site "Slovakia"]
[Date "2006.10.07"]
[Round "1.1"]
[White "Strachan, Jan"]
[Black "Kijac, Miroslav"]
[Result "1/2-1/2"]
[WhiteElo "2246"]
[BlackElo "2219"]
[PlyCount "50"]
[EventDate "2006.10.07"]
[EventType "team-tourn"]
[EventRounds "11"]
[EventCountry "SVK"]
[SourceTitle "EXT 2008"]
[Source "ChessBase"]
[SourceDate "2007.11.25"]
[SourceVersion "1"]
[SourceVersionDate "2007.11.25"]
[SourceQuality "1"]
[WhiteTeam "Komarno Hoffer II"]
[BlackTeam "Trencin SK"]
[WhiteTeamCountry "SVK"]
[BlackTeamCountry "SVK"]

1. e4 c5 2. Nf3 d6 3. d4 cxd4 4. Nxd4 Nf6 5. Nc3 Nc6 6. Bc4 g6 7. Nxc6 bxc6 8. e5 Ng4 9. e6 f5 10. 0-0 Bg7 11. Bf4 Qb6 12. Qd2 Qxb2 13. Nb5 cxb5 14. Rab1 Qd4 15. Bxb5+ Kf8 16. Bc6 Bxe6 17. Bxa8 Kf7 18. Bf3 Qxd2 19. Bxd2 Bxa2 20. Rb4 Rc8 21. Ra4 Be6 22. Rxa7 Rxc2 23. Bg5 Bf6 24. Bxf6 Kxf6 25. Re1 h5 1/2-1/2

[Event "SVK-chT 0506"]
[Site "Slovakia"]
[Date "2005.11.13"]
[Round "4"]
[White "Jablonicky, Frantisek"]
[Black "Strachan, Jan"]
[Result "1-0"]
[WhiteElo "2246"]
[BlackElo "2229"]
[PlyCount "169"]
[EventDate "2005.10.08"]
[EventType "team-tourn"]
[EventRounds "11"]
[EventCountry "SVK"]
[SourceTitle "EXT 2019"]
[Source "ChessBase"]
[SourceDate "2018.10.10"]
[SourceVersion "1"]
[SourceVersionDate "2018.10.10"]
[SourceQuality "1"]
[WhiteTeam "Hlohovec"]
[BlackTeam "Komarno"]
[WhiteTeamCountry "SVK"]
[BlackTeamCountry "SVK"]

1. Nf3 Nf6 2. d4 g6 3. g3 Bg7 4. Bg2 d6 5. c4 0-0 6. Nc3 Nc6 7. 0-0 Bd7 8. a3 Na5 9. b3 c5 10. Bb2 cxd4 11. Nxd4 Qb6 12. Rb1 Rac8 13. Ba1 Nc6 14. Nc2 Bf5 15. e4 Bg4 16. Qd2 Ne5 17. Nd4 Rcd8 18. Kh1 Qa5 19. h3 Bc8 20. Nc2 a6 21. Rfd1 Nc6 22. Qe2 Qh5 23. Qxh5 Nxh5 24. Nd5 Bxa1 25. Rxa1 f5 26. exf5 gxf5 27. Nd4 Kf7 28. Nb6 Nxd4 29. Rxd4 Nf6 30. Rad1 Rde8 31. b4 Be6 32. R1d3 Rb8 33. Kh2 Rfe8 34. Bf3 Rh8 35. Re3 h5 36. Rd2 h4 37. Rde2 hxg3+ 38. fxg3 Ne4 39. Bxe4 fxe4 40. h4 Bg4 41. Rf2+ Ke8 42. Rxe4 Bd7 43. Rfe2 e5 44. c5 Bc6 45. R4e3 e4 46. cxd6 Rf8 47. Rd2 Rd8 48. Nd5 Kd7 49. Ne7 Bb5 50. Rxe4 Rf1 51. Rg4 Rdf8 52. Ng6 R8f2+ 53. Rxf2 Rxf2+ 54. Kg1 Rd2 55. Ne5+ Kxd6 56. Nc4+ Bxc4 57. Rxc4 Rd3 58. Kg2 Rxa3 59. h5 a5 60. h6 Ra2+ 61. Kf3 b5 62. Rd4+ Ke5 63. h7 Ra3+ 64. Kg4 Kxd4 65. h8Q+ Kc4 66. bxa5 Rxa5 67. Qc8+ Kb4 68. Qf8+ Kb3 69. Qf7+ Ka3 70. Qf3+ Ka4 71. Qd1+ Ka3 72. Qc1+ Kb3 73. Qb1+ Ka3 74. Qd3+ Ka4 75. Qc2+ Kb4 76. Qb2+ Ka4 77. Kf4 b4 78. g4 b3 79. g5 Kb4 80. Qd2+ Kb5 81. Qd3+ Kb4 82. g6 Ra2 83. Qd4+ Kb5 84. Qd5+ Kb4 85. g7 1-0

[Event "SVK-chT1W 0506"]
[Site "Slovakia"]
[Date "2005.??.??"]
[Round "?"]
[White "Jurica, Peter"]
[Black "Strachan, Jan"]
[Result "0-1"]
[WhiteElo "2150"]
[BlackElo "2225"]
[PlyCount "126"]
[EventDate "2005.10.15"]
[EventType "team-tourn"]
[EventRounds "11"]
[EventCountry "SVK"]
[SourceTitle "EXT 2008"]
[Source "ChessBase"]
[SourceDate "2007.11.25"]
[SourceVersion "1"]
[SourceVersionDate "2007.11.25"]
[SourceQuality "1"]

1. Nf3 Nf6 2. d4 g6 3. g3 Bg7 4. Bg2 d6 5. 0-0 0-0 6. Nbd2 Nc6 7. e4 e5 8. c3 exd4 9. cxd4 Bg4 10. Qc2 Nd7 11. d5 Nb4 12. Qc4 a5 13. h3 Nb6 14. Qe2 Bd7 15. Nb3 Re8 16. Bd2 N6xd5 17. Nxa5 Rxa5 18. a3 Bb5 19. Qd1 Bxf1 20. Bxf1 Rxe4 21. axb4 Rxa1 22. Qxa1 Nxb4 23. Qa7 c5 24. Qxb7 Re7 25. Qb5 Qe8 26. Qb6 Qc6 27. Qa5 h6 28. Bg2 d5 29. Qd8+ Re8 30. Qh4 Qf6 31. Bxb4 Qxh4 32. Nxh4 cxb4 33. Bxd5 g5 34. Nf5 Kf8 35. b3 Re5 36. Ne3 f5 37. Bc4 f4 38. gxf4 gxf4 39. Nd5 f3 40. Kf1 Rh5 41. Nf4 Ra5 42. Kg1 Ra1+ 43. Kh2 Be5 44. Kg3 Rc1 45. Bd5 Rd1 46. Be4 Rd2 47. Kxf3 Bxf4 48. Kxf4 Rxf2+ 49. Ke5 Rh2 50. Bf5 Rb2 51. Be6 Ke7 52. Bc4 Rd2 53. Bd5 Rb2 54. Bc4 Rh2 55. Bf1 Rc2 56. Kd5 Rc8 57. Bc4 Rc7 58. h4 Rc8 59. h5 Kf6 60. Kd4 Kg5 61. Bf7 Rc3 62. Bc4 Kxh5 63. Kd5 Rxc4 0-1

[Event "SVK-chT1W 0506"]
[Site "Slovakia"]
[Date "2005.??.??"]
[Round "?"]
[White "Strachan, Jan"]
[Black "Maslikova, Veronika"]
[Result "1-0"]
[WhiteElo "2225"]
[BlackElo "2210"]
[PlyCount "130"]
[EventDate "2005.10.15"]
[EventType "team-tourn"]
[EventRounds "11"]
[EventCountry "SVK"]
[SourceTitle "EXT 2008"]
[Source "ChessBase"]
[SourceDate "2007.11.25"]
[SourceVersion "1"]
[SourceVersionDate "2007.11.25"]
[SourceQuality "1"]

1. e4 c5 2. Nf3 d6 3. Bb5+ Bd7 4. a4 Nc6 5. 0-0 g6 6. Bxc6 Bxc6 7. d3 Bg7 8. Nc3 Qd7 9. d4 cxd4 10. Nxd4 Nf6 11. f3 0-0 12. Be3 Qc8 13. Qe2 Nd7 14. a5 Re8 15. h3 a6 16. Kh2 Qc7 17. Kg1 Rac8 18. Rf2 Nc5 19. Qc4 Qd7 20. Rd2 Ne6 21. Qb4 Nxd4 22. Bxd4 Bxd4+ 23. Rxd4 Qe6 24. Qb6 Qf6 25. Rad1 Qg5 26. R4d3 h5 27. Kh1 Rb8 28. R3d2 Kh7 29. f4 Qf6 30. Qe3 Kh8 31. Kg1 Rbc8 32. Qg3 Kh7 33. Rf2 Rg8 34. Qd3 Kg7 35. Re1 Rh8 36. Qd1 Rcd8 37. Qf3 Qd4 38. Rd1 Qf6 39. Qe2 Rc8 40. Rdf1 Qd4 41. Kh2 f6 42. Ra1 Qb4 43. Ra2 Qd4 44. Qe1 Qc4 45. Rd2 Qe6 46. Ra1 Qc4 47. Qe3 Qb4 48. Ra2 Qc4 49. Ra1 Qb4 50. Ra2 Qc4 51. Rd4 Qc5 52. Qd3 Qa7 53. Ra1 Rhe8 54. Qd1 Rh8 55. Qd3 Rhe8 56. Nd1 Bb5 57. c4 Bc6 58. Nc3 Qc5 59. b3 Qb4 60. Nd5 Bxd5 61. exd5 Rc5 62. Ra4 Qe1 63. Re4 Qc1 64. Ra2 f5 65. Re3 Kf7 1-0

[Event "SVK-chT1W 0506"]
[Site "Slovakia"]
[Date "2005.??.??"]
[Round "?"]
[White "Strachan, Jan"]
[Black "Reisel, Frantisek"]
[Result "1-0"]
[WhiteElo "2225"]
[BlackElo "2110"]
[PlyCount "65"]
[EventDate "2005.10.15"]
[EventType "team-tourn"]
[EventRounds "11"]
[EventCountry "SVK"]
[SourceTitle "EXT 2008"]
[Source "ChessBase"]
[SourceDate "2007.11.25"]
[SourceVersion "1"]
[SourceVersionDate "2007.11.25"]
[SourceQuality "1"]

1. e4 c6 2. Nc3 d5 3. Nf3 dxe4 4. Nxe4 Bf5 5. Ng3 Bg6 6. h4 h6 7. Ne5 Bh7 8. Qh5 g6 9. Bc4 e6 10. Qe2 Qe7 11. d4 Nf6 12. a3 Nbd7 13. Bf4 Nb6 14. Bb3 Bg7 15. Qd2 Qf8 16. c4 Nfd7 17. Nxd7 Nxd7 18. Ne4 Qe7 19. Nd6+ Kf8 20. c5 b6 21. Bxh6 Bg8 22. Bxg7+ Kxg7 23. g3 bxc5 24. dxc5 Rh5 25. 0-0 Kf8 26. Bd1 Rh7 27. b4 Nf6 28. Bf3 Nd5 29. Kg2 Qf6 30. Rae1 Kg7 31. b5 cxb5 32. Bxd5 exd5 33. Re8 1-0